Statistics for MLB Teams by City

Click here to take the quiz!

General Stats

  • This quiz has been taken 1,872 times
    (1,854 since last reset)
  • The average score is 28 of 30

Answer Stats

CityTeam% Correct
Chicago (C)Cubs
99%
AtlantaBraves
98%
BostonRed Sox
98%
Chicago (W)White Sox
98%
ArizonaDiamondbacks
97%
Los Angeles (D)Dodgers
97%
New York (M)Mets
97%
New York (Y)Yankees
97%
Los Angeles (A)Angels
96%
HoustonAstros
96%
BaltimoreOrioles
96%
CincinnatiReds
96%
ColoradoRockies
96%
DetroitTigers
96%
MilwaukeeBrewers
95%
TorontoBlue Jays
94%
San FranciscoGiants
94%
ClevelandIndians
94%
MiamiMarlins
94%
San DiegoPadres
94%
PhiladelphiaPhillies
94%
PittsburghPirates
94%
Kansas CityRoyals
94%
MinnesotaTwins
94%
OaklandAthletics
93%
St. LouisCardinals
92%
SeattleMariners
92%
TexasRangers
92%
Tampa BayRays
92%
WashingtonNationals
91%

Score Distribution

Percentile by Number Answered

Percent of People with Each Score

Your Score History

You have not taken this quiz since the last reset